000 00626nam a22002171a 4500
001 712
003 OSt
005 20260204211706.0
008 040113s1999||||ck ||||||b||||||||||spa||
020 _a9582004851
050 _a375 L959p
082 _a375 L959p
100 _aLozano, Luis Antonio
245 _aParadigmas y tendencias de los proyectos educativos institucionales: una visión evolutiva / Luis Antonio Lozano
264 _aColombia : Magisterio
300 _a321 p.
500 _aIncluye bibliografía
650 _a1.Planificación Educativa - Pedagogía
700 _aLora, Carlos JulioÌ
942 _2ddc
_cBK
999 _c712
_d712